Statistics for What Continent is This Capital In? #5

Click here to take the quiz!

General Stats

  • This quiz has been taken 21 times
  • The average score is 8 of 10

Answer Stats

QuestionAnswer% Correct
Pretoria, Bloemfontein, Cape TownAfrica
100%
BaghdadAsia
100%
AmsterdamEurope
100%
SuvaOceania
90%
Addis AbabaAfrica
81%
DakarAfrica
81%
TashkentAsia
81%
San SalvadorNorth America
81%
TegucigalpaNorth America
71%
GeorgetownSouth America
43%

Score Distribution

Percentile by Number Answered

Percent of People with Each Score

Your Score History

You have not taken this quiz